El Paisatge vegetal de dues comarques naturals : la Selva i la Plana de Vic / Oriol de Bolòs la Selva i la Plana de Vic / Oriol de Bolòs
Descripción Física:
174 p. ; 24 cm
Colección:
Arxius de la Secció de Ciències ; 26
MARC
| LEADER | 00000nam a2200000Ia 4500 | ||
|---|---|---|---|
| 001 | 10399 | ||
| 008 | 160829s1959 xx 000 0 cat d | ||
| 080 | |a C-1-238 | ||
| 100 | 1 | |a Bolòs, Oriol de, |d 1924-2007 |9 22547 | |
| 245 | |a El Paisatge vegetal de dues comarques naturals : |b la Selva i la Plana de Vic / Oriol de Bolòs | ||
| 260 | |a Barcelona : |b Institut d' Estudis Catalans, |c 1959 | ||
| 300 | |a 174 p. ; |c 24 cm | ||
| 490 | |a Arxius de la Secció de Ciències ; 26 | ||
| 590 | |a Premi Josep Massot i Palmés 1957 | ||
| 650 | |a Botànica |x Selva |9 28096 | ||
| 650 | |a Botànica |x Osona |9 28097 | ||
| 710 | 2 | |a Institut d'Estudis Catalans |9 52284 | |
| 901 | |a Arxiu | ||
| 942 | |n 1 | ||
| 952 | |0 0 |1 0 |4 0 |6 C1238 |7 1 |9 44668 |a Arxiu |b Arxiu |d 2016-12-01 |l 0 |o C-1-238 |p 10399 |r 2016-12-01 00:00:00 |w 2016-12-01 |y ARXIU | ||
| 999 | |c 47249 |d 47249 | ||